<?xml version="1.0" encoding="UTF-8"?>
<record
    xmlns:xsi="http://www.w3.org/2001/XMLSchema-instance"
    xsi:schemaLocation="http://www.loc.gov/MARC21/slim http://www.loc.gov/standards/marcxml/schema/MARC21slim.xsd"
    xmlns="http://www.loc.gov/MARC21/slim">

  <leader>02727    a2200205   4500</leader>
  <controlfield tag="001">54518</controlfield>
  <controlfield tag="005">20260407155818.0</controlfield>
  <controlfield tag="008">260407a1968    arg                 spa d</controlfield>
  <controlfield tag="003">AR-UNSa-BCEJYS</controlfield>
  <datafield tag="040" ind1=" " ind2=" ">
    <subfield code="a">AR-UNSa-BCEJYS</subfield>
    <subfield code="b">spa</subfield>
    <subfield code="c">AR-UNSa-BCEJYS</subfield>
  </datafield>
  <datafield tag="080" ind1=" " ind2=" ">
    <subfield code="a">336.22</subfield>
    <subfield code="x">Impuestos</subfield>
  </datafield>
  <datafield tag="245" ind1="1" ind2="0">
    <subfield code="a">An&#xE1;lisis econ&#xF3;mico de los impuestos</subfield>
    <subfield code="p">en el cuadro general de las finanzas p&#xFA;blicas</subfield>
  </datafield>
  <datafield tag="264" ind1=" " ind2="1">
    <subfield code="a">Buenos Aires :</subfield>
    <subfield code="b">El Ateneo</subfield>
    <subfield code="c">1968</subfield>
  </datafield>
  <datafield tag="300" ind1=" " ind2=" ">
    <subfield code="a">613 p.</subfield>
    <subfield code="c">20 cm.</subfield>
  </datafield>
  <datafield tag="505" ind1=" " ind2=" ">
    <subfield code="a">Parte I: Actividades y gastos estatales - 1. La funci&#xF3;n del Estado en la econom&#xED;a - 2. Niveles &#xF3;ptimos de actividad estatal - 3. Gastos p&#xFA;blicos.Distribuci&#xF3;n y tendencia en los Estados Unidos de Am&#xE9;rica - Parte II: La financiaci&#xF3;n de los gastos p&#xFA;blicos.Introducci&#xF3;n - 4. La financiaci&#xF3;n del gasto p&#xFA;blico - 5. Los principios de la imposici&#xF3;n - Parte III: La imposici&#xF3;n a los r&#xE9;ditos - 6. La imposici&#xF3;n del r&#xE9;dito: El concepto de r&#xE9;dito gravable - 7. Deducciones y exenciones en el impuesto a los r&#xE9;ditos - 8. Estructura de la tasa y administraci&#xF3;n del impuesto a los r&#xE9;ditos - 9. El problema del per&#xED;odo de tiempo en la imposici&#xF3;n del r&#xE9;dito - 10. Tratamiento impositivo de las ganancias de capital - 11. Las consecuencias econ&#xF3;micas de la imposici&#xF3;n a los r&#xE9;ditos - 12. Imposici&#xF3;n a los r&#xE9;ditos de las sociedades de capital - 13. La imposici&#xF3;n a los beneficios extraordinarios - Parte IV: La imposici&#xF3;n en funci&#xF3;n de los consumos - 14. La imposici&#xF3;n en funci&#xF3;n de los consumos - 15. Imposici&#xF3;n a los consumos: Traslaci&#xF3;n e incidencia - 16. Imposici&#xF3;n a las ventas - 17. Imposici&#xF3;n a los consumos espec&#xED;ficos - Parte V: Imposici&#xF3;n a los bienes y trasmisi&#xF3;n de bienes - 18. Impuesto a la trasmisi&#xF3;n gratuita de bienes - 19. Impuesto al patrimonio: Un gravamen al patrimonio neto individual - 20. Imposici&#xF3;n al patrimonio: El impuesto a la propiedad - Parte VI: Aspectos generales de las finanzas p&#xFA;blicas - 21. Relaciones fiscales intergubernamentales - Parte VII: El principio comercial - 22. La venta de servicios del gobierno: Cobro de derechos e ingresos comerciales - 23. Financiaci&#xF3;n de carreteras: Un estudio de casos en el uso del principio comercial - 24. Los efectos econ&#xF3;micos generales de los sistemas de gasto e impuestos - Parte VIII: El cr&#xE9;dito p&#xFA;blico y la pol&#xED;tica fiscal - 25. Econom&#xED;a del cr&#xE9;dito p&#xFA;blico - 26. Introducci&#xF3;n a la pol&#xED;tica fiscal - 27. Pol&#xED;tica fiscal antiinflacionaria - 28. Administraci&#xF3;n de la deuda p&#xFA;blica en per&#xED;odos de inflaci&#xF3;n - 29. La pol&#xED;tica fiscal y el desempleo - 30. Las finanzas gubernamentales y el crecimiento econ&#xF3;mico</subfield>
  </datafield>
  <datafield tag="942" ind1=" " ind2=" ">
    <subfield code="c">BK</subfield>
  </datafield>
  <datafield tag="590" ind1=" " ind2=" ">
    <subfield code="a">niveau_biblio:m niveau_hierar:0</subfield>
  </datafield>
  <datafield tag="100" ind1="1" ind2=" ">
    <subfield code="a">Due, John F.</subfield>
  </datafield>
  <datafield tag="700" ind1="1" ind2=" ">
    <subfield code="a">Reig, Enrique Jorge</subfield>
  </datafield>
  <datafield tag="999" ind1=" " ind2=" ">
    <subfield code="c">5600</subfield>
    <subfield code="d">5600</subfield>
  </datafield>
  <datafield tag="952" ind1=" " ind2=" ">
    <subfield code="0">0</subfield>
    <subfield code="1">0</subfield>
    <subfield code="4">0</subfield>
    <subfield code="7">0</subfield>
    <subfield code="a">BCEJYS</subfield>
    <subfield code="b">BCEJYS</subfield>
    <subfield code="c">16</subfield>
    <subfield code="d">2026-04-07</subfield>
    <subfield code="l">0</subfield>
    <subfield code="o">336.22 D852</subfield>
    <subfield code="p">L22690</subfield>
    <subfield code="r">2026-04-07 15:58:18</subfield>
    <subfield code="w">2026-04-07</subfield>
    <subfield code="y">L</subfield>
  </datafield>
  <datafield tag="952" ind1=" " ind2=" ">
    <subfield code="0">0</subfield>
    <subfield code="1">0</subfield>
    <subfield code="4">0</subfield>
    <subfield code="7">0</subfield>
    <subfield code="a">BCEJYS</subfield>
    <subfield code="b">BCEJYS</subfield>
    <subfield code="c">16</subfield>
    <subfield code="d">2026-04-07</subfield>
    <subfield code="l">0</subfield>
    <subfield code="o">336.22 D852</subfield>
    <subfield code="p">L22691</subfield>
    <subfield code="r">2026-04-07 15:58:18</subfield>
    <subfield code="w">2026-04-07</subfield>
    <subfield code="y">L</subfield>
  </datafield>
  <datafield tag="952" ind1=" " ind2=" ">
    <subfield code="0">0</subfield>
    <subfield code="1">0</subfield>
    <subfield code="4">0</subfield>
    <subfield code="7">0</subfield>
    <subfield code="a">BCEJYS</subfield>
    <subfield code="b">BCEJYS</subfield>
    <subfield code="c">16</subfield>
    <subfield code="d">2026-04-07</subfield>
    <subfield code="l">0</subfield>
    <subfield code="o">336.22 D852</subfield>
    <subfield code="p">L21035</subfield>
    <subfield code="r">2026-04-07 15:58:18</subfield>
    <subfield code="w">2026-04-07</subfield>
    <subfield code="y">L</subfield>
  </datafield>
</record>
